书目信息 |
| 题名: |
WTO与重点行业发展
|
|
| 作者: | 杨欢进 , 武义青 主编 | |
| 分册: | ||
| 出版信息: | 北京 中国经济出版社 2002 |
|
| 页数: | 232页 | |
| 开本: | 21cm | |
| 丛书名: | 经济管理人员知识更新丛书 | |
| 单 册: | ||
| 中图分类: | F42 | |
| 科图分类: | ||
| 主题词: | 工业经济 | |
| 电子资源: | ||
| ISBN: | 7-5017-5266-4 | |
| 000 | 00955oam2 2200277 450 | |
| 001 | 012007853613 | |
| 005 | 20070820095640.95 | |
| 010 | @a7-5017-5266-4@dCNY60.00(全4册) | |
| 100 | @a20070602d2002 km y0chiy0120 ea | |
| 101 | 0 | @achi |
| 102 | @aCN@b110000 | |
| 105 | @ay z 000yy | |
| 200 | 1 | @aWTO与重点行业发展@AWTO yu zhong dian hang ye fa zhan@f杨欢进,武义青主编@Fyang huan jin,wu yi qing zhu bian |
| 210 | @a北京@c中国经济出版社@d2002 | |
| 215 | @a232页@d21cm | |
| 225 | 2 | @a经济管理人员知识更新丛书 |
| 330 | @a本书主要内容包括:加入WTO对国民经济的影响,加入WTO对纺织工业的影响,加入WTO对医学工业的影响,加入WTO对石化工业的影响等。 | |
| 461 | 0 | @12001 @a经济管理人员知识更新丛书 |
| 601 | 02 | @a世界贸易组织@x影响@x工业经济@y中国 |
| 601 | 02 | @a世界贸易组织 |
| 606 | 0 | @a工业经济 |
| 690 | @aF42@v4 | |
| 701 | 0 | @a杨欢进@Ayang huan jin@4主编 |
| 701 | 0 | @a武义青@Awu yi qing@4主编 |
| 801 | 0 | @aCN@bRULIN@c20070820 |
| 905 | @dF42@e104@s8 | |
| WTO与重点行业发展/杨欢进,武义青主编.-北京:中国经济出版社,2002 |
| 232页;21cm.-(经济管理人员知识更新丛书) |
| ISBN 7-5017-5266-4:CNY60.00(全4册) |
| 本书主要内容包括:加入WTO对国民经济的影响,加入WTO对纺织工业的影响,加入WTO对医学工业的影响,加入WTO对石化工业的影响等。 |
| ● |
| 相关链接 |
|
|
|
|
正题名:WTO与重点行业发展
索取号:F42/104
 
预约/预借
| 序号 | 登录号 | 条形码 | 馆藏地/架位号 | 状态 | 备注 |
| 1 | 0582404 | 205824045 | 第一样本阅览室/ [索取号:F42/104] | 在馆 | |
| 2 | 0582405 | 205824054 | 第一借阅区/ [索取号:F42/104] | 在馆 | |
| 3 | 0582406 | 205824063 | 第一借阅区/ [索取号:F42/104] | 在馆 | |
| 4 | 0582407 | 205824072 | 第一借阅区/ [索取号:F42/104] | 在馆 | |
| 5 | 0582408 | 205824081 | 第一借阅区/ [索取号:F42/104] | 在馆 | |
| 6 | 0582409 | 205824090 | 第一借阅区/ [索取号:F42/104] | 在馆 | |
| 7 | 0582410 | 205824107 | 第一借阅区/ [索取号:F42/104] | 在馆 | |
| 8 | 0582411 | 205824116 | 第一借阅区/ [索取号:F42/104] | 在馆 | |
| 9 | 0788751 | 207887517 | 密集书库/ [索取号:F42/104] | 在馆 |